Dictionary of the Later New Testament and Its Developments. (Record no. 9833)

MARC details
000 -LEADER
fixed length control field 00609nam a2200229 a 4500
020 ## - INTERNATIONAL STANDARD BOOK NUMBER
ISBN 0830894
082 00 - DEWEY DECIMAL CLASSIFICATION NUMBER
Classification number 225.3
Author Cutter MAR
100 ## - MAIN ENTRY--AUTHOR NAME
Author name Martin, Ralph P
245 ## - TITLE STATEMENT
Title Dictionary of the Later New Testament and Its Developments.
260 ## - PUBLICATION, DISTRIBUTION, ETC. (IMPRINT)
Place of publication Leicester
Name of publisher Inter Varsity Press
Year of publication 1997
300 ## - PHYSICAL DESCRIPTION
Number of Pages 1289p.
500 ## - GENERAL NOTE
General note includes index and biblioraphy
505 2# - FORMATTED CONTENTS NOTE
Formatted contents note Scripture Index.
650 ## - SUBJECT ADDED ENTRY--TOPICAL TERM
Topical Term Bible-Dictionaries
942 ## - ADDED ENTRY ELEMENTS (KOHA)
Koha item type Books
Holdings
Collection code Home library Current library Shelving location Date acquired Cost, normal purchase price Full call number Accession Number Koha item type
Reference Henry Martyn Institute Library Henry Martyn Institute Library Reference 06/19/2007 32.99 225.3 MAR 019601 Books
                   Copyright © 2026 | Henry Martyn Institute | Hyderabad | TS-500052 | INDIA | Implemented by hmi.edu.in
Hit-Count:

Powered by Koha